| 000 | 01096nam2a2200277 4500 | ||
|---|---|---|---|
| 001 | RU\NLR\bibl\732782 | ||
| 005 | 20250614000334.0 | ||
| 010 |
_a5-09-012632-1 _bч. 1 _95000 |
||
| 021 |
_aRU _b2004-78491 _93872 |
||
| 035 | _a(NLR Aleph) 000722727 | ||
| 090 |
_a713226 _c713226 |
||
| 100 | _a20050309d2005 |||y0rusy50 ca | ||
| 101 | 0 | _arus | |
| 102 | _aRU | ||
| 105 | _aa ||||||||| | ||
| 200 | 0 | _aЧ. 1 | |
| 210 |
_d2005 [т.е. 2004] _aБ. м. |
||
| 215 |
_a445,[1] с. _cил., портр. |
||
| 300 | _aКн. фактически изд. в 2004 г. | ||
| 461 | 0 |
_1001RU\NLR\bibl\738641 _12001#$aЛитература$vЧ. 1 _9747898 _cСПб. _d2005 [т.е. 2004] _e8-е изд., перераб. _f[авт.-сост.: Н.Н. Вербовая и др.] _nПросвещение _oучеб.-хрестоматия для 9 кл. нац. общеобразоват. учреждений : в 2 ч. _tЛитература _y5-09-012631-3 _vЧ. 1 |
|
| 686 | _aШ5(0)я721-3 | ||
| 801 | 0 |
_aRU _bNLR _c20050309 _gPSBO |
|
| 801 | 1 |
_aRU _bNLR _c20050309 |
|
| 942 | _cBOOK | ||
| 980 | _aNB | ||